|
|
|
|
| LEADER |
01035nam a2200241 a 4500 |
| 001 |
00020699 |
| 008 |
100715r20102005ii a 000 0 eng d |
| 020 |
|
|
|a 8177225804
|
| 020 |
|
|
|a 9788177225808
|
| 040 |
|
|
|a BD-DhAAL
|c BD-DhAAL
|d BD-DhAAL
|
| 082 |
0 |
0 |
|a 658.5
|2 22
|
| 100 |
1 |
|
|a Mohanty,R.P.
|
| 245 |
1 |
0 |
|a Indian case studies in supply chain management and other learning resources /
|c R.P.Mohanty and S.G. Deshmukh
|
| 250 |
|
|
|a Indian text ed.
|
| 260 |
|
|
|a New Delhi :
|b Biztantra,
|c 2005 [Reprinted 2010]
|
| 300 |
|
|
|a vi,122 p. :
|b ill. ;
|c 27cm.
|
| 541 |
1 |
|
|e 00020698
|
| 650 |
|
0 |
|a Supply chain management
|
| 710 |
1 |
|
|a Deshmukh,S.G.
|
| 852 |
4 |
|
|a Ayesha Abed Library
|j General shelf
|
| 999 |
|
|
|c 9355
|d 9355
|
| 952 |
|
|
|0 0
|1 0
|2 ddc
|4 0
|6 658_500000000000000_MOH
|7 0
|9 12086
|a BRACUL
|b BRACUL
|c GEN
|d 2010-09-26
|l 3
|m 26
|o 658.5 MOH
|p 3010020698
|r 2019-02-05
|s 2018-09-16
|t 1
|w 2010-09-26
|y BK
|
| 952 |
|
|
|0 0
|1 0
|2 ddc
|4 0
|6 658_500000000000000_MOH
|7 0
|9 18066
|a BRACUL
|b BRACUL
|c GEN
|d 2011-09-18
|l 2
|m 13
|o 658.5 MOH
|p 3010020699
|r 2015-01-24
|s 2014-09-27
|t 2
|w 2011-09-18
|y BK
|